Statistics for 陳奕迅 Eason Chan DUO World Tour

Click here to take the quiz!

General Stats

  • This quiz has been taken 6 times
  • The average score is 26 of 41

Answers on the Map

Answers color-coded by a green-red scale on the quiz's map according to % correct below.
 

Answer Stats

DatesCity% Correct
20/03-6/04/2010Hong Kong
100%
23/04/2012London
100%
11/12/2010; 20/12/2012Macau
100%
19/11/2011New Taipei
100%
14-15/1/2011Taipei
100%
29/09/2011Beijing
80%
26/05/2012Changsha
80%
16/04/2011; 16/06/2012Chengdu
80%
31/12/2011Fuzhou
80%
24/12/2011Guangzhou
80%
21/07/2012Hefei
80%
23/06/2012Kunming
80%
15/10/2011Shanghai
80%
7/07/2012Shenzhen
80%
15/09/2012Tianjin
80%
18/05/2012Wuhan
80%
17/09/2011Xiamen
80%
11/05/2012Xi'an
80%
18/05/2011Auckland
60%
3/09/2011Changzhou
60%
2/06/2012Chongqing
60%
1/09/2012Hangzhou
60%
22/09/2012Jinan
60%
6/08/2011Kuala Lumpur
60%
8/09/2012Nanjing
60%
14/07/2012Quanzhou
60%
26/12/2010San Francisco
60%
14/12/2010Vancouver
60%
17-18/06/2011Wenzhou
60%
30/09/2012Foshan
40%
3/10/2010; 22/05/2011Melbourne
40%
30/06/2012Nanning
40%
20/05/2011Perth
40%
18/09/2010; 20-21/10/2012Singapore
40%
2/10/2010Sydney
40%
12/11/2011Taichung
40%
16/12/2010Toronto
40%
4/05/2012Zhengzhou
40%
29/01/2011; 3/12/2011Kaohsiung
20%
25/12/2010Las Vegas
20%
9/06/2012Mianyang
20%

Score Distribution

Percentile by Number Answered

Percent of People with Each Score

Your Score History

You have not taken this quiz